| 000 | 00809nam a2200265 a 4500 | ||
|---|---|---|---|
| 001 | 19868 | ||
| 003 | BD-RjUL | ||
| 005 | 20211209000505.0 | ||
| 008 | 140226r19531951at 000 1 eng | ||
| 035 | _a(BD-RjUL)19929 | ||
| 040 |
_aDLC _cDLC _dDLC _dBD-RjUL _beng |
||
| 041 | _aeng | ||
| 082 | 0 | 0 |
_a823.0108 _219 _bAUS 1953 |
| 245 | 0 | 0 |
_aAustralian short stories / _cselected by Walter Murdoch and H. Drake-Brockman. |
| 260 |
_aMelbourne : _bGeo. Cum., _c1953. |
||
| 300 |
_ax, 447 p. ; _c19 cm. |
||
| 490 | 0 | _aEveryman's library | |
| 490 | 0 | _aEveryman classics | |
| 650 | 0 |
_aShort stories, Australian. _961012 |
|
| 651 | 0 |
_aAustralia _xSocial life and customs _xFiction. _961013 |
|
| 700 | 1 |
_aGoldsworthy, Kerryn, _d1953- _961014 |
|
| 942 |
_2ddc _cBK |
||
| 999 |
_c19868 _d19868 |
||